Villes les plus peuplées de Suisse - Statistiques

Statistiques générales
  • Ce quiz a été pris 897 fois
  • Le résultat moyen est 9 sur 15
Statistiques - réponses
Population Ville % Correct
191'803 Genève
99%
372'047 Zurich
97%
124'381 Berne
96%
129'383 Lausanne
91%
166'173 Bâle
89%
77'491 Lucerne
69%
55'060 Lugano
61%
37'463 Fribourg
60%
72'959 Saint-Gall
58%
51'203 Bienne
45%
101'203 Winterthour
34%
42'623 Thoune
29%
34'943 Schaffhouse
23%
37'504 La Chaux-de-Fonds
22%
38'823 Köniz
7%
Aucun quiz correspondant
Distribution des résultats
% des personnes avec chaque résultat
Percentile par nombre de réponses
Votre historique - résultats
Vous n’avez pas pris ce quiz